[Event "Wch U08"]
[Site "Batumi"]
[Date "2022.09.26"]
[Round "10"]
[White "Faramarzi Garousi, Martia"]
[Black "Pasula, Milos"]
[Result "0-1"]
[WhiteElo "1267"]
[BlackElo "1672"]
[PlyCount "102"]
[EventDate "2022.09.16"]
[EventType "swiss"]
[EventRounds "11"]
[EventCountry "GEO"]
[SourceTitle "EXT 2023"]
[Source "ChessBase"]
[SourceDate "2022.10.05"]
[SourceVersion "1"]
[SourceVersionDate "2022.10.05"]
[SourceQuality "1"]

1. d4 Nf6 2. Bf4 g6 3. e3 Bg7 4. Nf3 0-0 5. Be2 d6 6. h3 Nbd7 7. 0-0 b6 8. Bh2 Bb7 9. c4 Ne4 10. Nc3 e5 11. d5 Nxc3 12. bxc3 Nc5 13. Qd2 Kh8 14. Rad1 f5 15. Ne1 Qe7 16. Nd3 Nxd3 17. Bxd3 g5 18. Rfe1 Bh6 19. Qe2 f4 20. Qh5 Qg7 21. exf4 gxf4 22. Qg4 Qf6 23. Qf3 Rg8 24. Bf1 Raf8 25. Kh1 Bc8 26. a4 a5 27. Rb1 Qg7 28. Ra1 Bf5 29. Bd3 Bxd3 30. Rg1 e4 31. Qd1 Qxc3 32. Rc1 Qg7 33. Ra1 Qg6 34. Ra3 Qf6 35. Qe1 f3 36. g3 Qb2 37. Ra1 Qd2 38. Qxd2 Bxd2 39. Rad1 Bb4 40. Rc1 Bc5 41. Ra1 Bxf2 42. Rgd1 Bxg3 43. Bxg3 Rxg3 44. Rd2 f2 45. Kh2 Re3 46. Rxd3 Re1 47. Rdd1 f1Q 48. Rxe1 Rf2+ 49. Kg3 Rg2+ 50. Kh4 Qf4+ 51. Kh5 Qg5# 0-1

[Event "Wch U08"]
[Site "Batumi"]
[Date "2022.09.25"]
[Round "9"]
[White "Lishoy Gengis Paratazham, Dildarav"]
[Black "Faramarzi Garousi, Martia"]
[Result "0-1"]
[WhiteElo "1402"]
[BlackElo "1267"]
[PlyCount "32"]
[EventDate "2022.09.16"]
[EventType "swiss"]
[EventRounds "11"]
[EventCountry "GEO"]
[SourceTitle "EXT 2023"]
[Source "ChessBase"]
[SourceDate "2022.10.05"]
[SourceVersion "1"]
[SourceVersionDate "2022.10.05"]
[SourceQuality "1"]

1. f4 d5 2. Nf3 Nf6 3. e3 Bg4 4. Be2 Nbd7 5. 0-0 c6 6. b3 Qc7 7. Bb2 Bxf3 8. Bxf3 e5 9. fxe5 Nxe5 10. d4 Nxf3+ 11. Qxf3 Bd6 12. g3 0-0 13. Nd2 Rae8 14. c4 Qe7 15. Rfe1 Bb4 16. Qe2 Ne4 0-1

[Event "Wch U08"]
[Site "Batumi"]
[Date "2022.09.23"]
[Round "7"]
[White "Chighvinadze, Robert"]
[Black "Faramarzi Garousi, Martia"]
[Result "0-1"]
[WhiteElo "1103"]
[BlackElo "1267"]
[PlyCount "55"]
[EventDate "2022.09.16"]
[EventType "swiss"]
[EventRounds "11"]
[EventCountry "GEO"]
[SourceTitle "EXT 2023"]
[Source "ChessBase"]
[SourceDate "2022.10.05"]
[SourceVersion "1"]
[SourceVersionDate "2022.10.05"]
[SourceQuality "1"]

1. e4 e5 2. Nf3 Nc6 3. Nc3 Nf6 4. d4 exd4 5. Nxd4 Bb4 6. Nxc6 bxc6 7. Bd3 0-0 8. 0-0 d5 9. exd5 cxd5 10. Bg5 c6 11. Qf3 Bd6 12. h3 Rb8 13. Na4 h6 14. Bxf6 Qxf6 15. Qxf6 gxf6 16. b3 Be6 17. f4 c5 18. Rad1 Bd7 19. Nc3 Bc6 20. Bf5 d4 21. Ne4 Be7 22. Rf3 a5 23. Rfd3 a4 24. Rg3+ Kh8 25. Rg4 axb3 26. axb3 Rg8 27. Rh4 Bxe4 28. Bxe4 0-1

[Event "Wch U08"]
[Site "Batumi"]
[Date "2022.09.21"]
[Round "6"]
[White "Faramarzi Garousi, Martia"]
[Black "Vedrickas, Vytis"]
[Result "1-0"]
[WhiteElo "1267"]
[BlackElo "1122"]
[PlyCount "43"]
[EventDate "2022.09.16"]
[EventType "swiss"]
[EventRounds "11"]
[EventCountry "GEO"]
[SourceTitle "EXT 2023"]
[Source "ChessBase"]
[SourceDate "2022.10.05"]
[SourceVersion "1"]
[SourceVersionDate "2022.10.05"]
[SourceQuality "1"]

1. d4 d5 2. Bf4 Nf6 3. e3 e6 4. Nf3 Bd6 5. Bg3 0-0 6. Nbd2 c5 7. c3 Qc7 8. Bd3 Nbd7 9. 0-0 Bxg3 10. hxg3 e5 11. dxe5 Nxe5 12. Nxe5 Qxe5 13. Nf3 Qe7 14. Re1 Bg4 15. Qc2 c4 16. Be2 Ne4 17. Nd4 Bd7 18. Rad1 Qf6 19. Bf3 Rfe8 20. Ne2 Re5 21. Qc1 Rd8 22. Nf4 1-0

[Event "Wch U08"]
[Site "Batumi"]
[Date "2022.09.20"]
[Round "5"]
[White "Ghoreishiamiri, Seyedkian"]
[Black "Faramarzi Garousi, Martia"]
[Result "1-0"]
[WhiteElo "1583"]
[BlackElo "1267"]
[PlyCount "149"]
[EventDate "2022.09.16"]
[EventType "swiss"]
[EventRounds "11"]
[EventCountry "GEO"]
[SourceTitle "EXT 2023"]
[Source "ChessBase"]
[SourceDate "2022.10.05"]
[SourceVersion "1"]
[SourceVersionDate "2022.10.05"]
[SourceQuality "1"]

1. e4 c5 2. Nf3 Nc6 3. d4 cxd4 4. Nxd4 g6 5. c4 Nf6 6. Nc3 Nxd4 7. Qxd4 d6 8. Be2 Bg7 9. 0-0 0-0 10. Qd3 Be6 11. f4 Rc8 12. Nd5 Nxd5 13. cxd5 Bd7 14. Be3 a6 15. Qb3 b5 16. Rfc1 Qa5 17. a3 Rxc1+ 18. Rxc1 Rc8 19. Rxc8+ Bxc8 20. Kf2 Bd7 21. g4 Qa4 22. Qxa4 bxa4 23. Bc1 Bd4+ 24. Ke1 Bb5 25. Bxb5 axb5 26. Kd2 Kf8 27. Kc2 Ke8 28. b3 Kd7 29. bxa4 bxa4 30. Kd3 Bg1 31. h3 Kc7 32. Kc4 Kb6 33. Kb4 Bc5+ 34. Kxa4 Ka6 35. Kb3 Kb5 36. a4+ Ka5 37. Bd2+ Kb6 38. a5+ Ka6 39. f5 Bd4 40. fxg6 fxg6 41. Bg5 Kxa5 42. Bxe7 Be5 43. g5 Kb5 44. Bf6 Bf4 45. Kc3 Kc5 46. Kd3 Kb5 47. e5 dxe5 48. Ke4 Kc5 49. Be7+ Kb6 50. Bd6 Bxg5 51. Kxe5 Kb7 52. Ke6 Kc8 53. Be7 Bf4 54. d6 Bxd6 55. Bxd6 Kd8 56. Kf7 g5 57. Be7+ Kd7 58. Bxg5 h5 59. h4 Kd6 60. Kg6 Ke6 61. Kxh5 Kf7 62. Kh6 Kg8 63. Kg6 Kh8 64. Bf6+ Kg8 65. h5 Kf8 66. h6 Ke8 67. h7 Kd7 68. h8Q Kd6 69. Qd8+ Kc6 70. Be7 Kb7 71. Qd6 Ka7 72. Qc6 Kb8 73. Bd6+ Ka7 74. Qb5 Ka8 75. Qb8# 1-0